00960cam a22002651 4500001001300000003000400013005001700017008004100034010001700075035001800092040007100110042001200181050002200193051002600215100005000241245012200291260004300413300005700456490005200513650001900565650002300584650003300607650003700640999001700677gs 09000073 DLC20260227111308.0720328s1909 dcuabf f000 0 eng c ags 09000073  a(OCoLC)271945 aLibrary, U.S. Geological Survey (200) E no. 371cODaWUdOCoLCdDLC apremarc00aQE75b.B9 no. 371 aTN805.C6bR6c2d set.1 aRichardson, G. B.q(George Burr),d1872-1949.10aReconnaissance of the Book cliffs coal field between Grand river, Colorado and Sunnyside, Utah,cby G. B. Richardson. aWashington,bGovt. Print. Off.,c1909. a54 p.billus., x pl. (part fold., incl. map)c24 cm.0 aUnited States. Geological survey. Bulletinv371 0aGeologyzUtah. 0aGeologyzColorado. 0aCoal mines and miningzUtah. 0aCoal mines and miningzColorado. c24812d24812